Gender and Education Gaps in Employment: New Evidence for the EU
Guardado en:
| Autor principal: | |
|---|---|
| Otros Autores: | , |
| Formato: | Libro |
| Lenguaje: | inglés |
| Publicado: |
Vienna
The Vienna Institute for International Economic Studies
2024
|
| Materias: | |
| Etiquetas: |
Sin Etiquetas, Sea el primero en etiquetar este registro!
|
MARC
| LEADER | 00000nlm a2200000 4500 | ||
|---|---|---|---|
| 001 | 0303097 | ||
| 005 | 20240716125649.2 | ||
| 041 | 0 | |a eng | |
| 044 | |a AT | ||
| 245 | 1 | 0 | |a Gender and Education Gaps in Employment: New Evidence for the EU |c Meryem Gökten ... [et al.] |
| 264 | 1 | |a Vienna |b The Vienna Institute for International Economic Studies |c 2024 | |
| 300 | |a 45 s. | ||
| 610 | 2 | 0 | |a zamestnanosť plná |
| 610 | 2 | 0 | |a nezamestnanosť |
| 610 | 2 | 0 | |a diskriminácia pracovná |
| 610 | 2 | 0 | |a diskriminácia rodová |
| 610 | 2 | 0 | |a nerovnosť rodová |
| 610 | 2 | 0 | |a nerovnosť príjmová |
| 610 | 2 | 0 | |a Európska únia |
| 100 | 1 | |a Gökten, Meryem | |
| 700 | 1 | |a Heimberger, Philipp | |
| 700 | 1 | |a Arsenev, Aleksandr | |